00752cam a22002171a 450000100060000000300080000600500170001400800390003103500190007004000250008904100080011408200200012210000580014224501290020026000440032930000310037349000330040450400370043765000220047470000380049612403BD-RjUL20211208235303.0140128s1959 caua b 001 0 eng a(BD-RjUL)12452 aLCbengcLCdBD-RjUL aeng04a581.4bFOC 19591 aFoster, Adriance S.q(Adriance Sherwood),d1901-1973.10aComparative morphology of vascular plants /cby Adriance S. Foster and Ernest M. Gifford, Jr. Drawings by Evan L. Gillespie. aSan Francisco :bW. H. Freeman,cc1959. a555 p. :billus. ;c25 cm.0 aA Series of books in biology aIncludes bibliography and index. 0aPlant morphology.1 aGifford, Ernest M,ejoint author.